LEADER 01111nam a2200277 i 4500 001 000000040775 003 CaOOAMICUS 005 20120420000000.0 008 120420s1989 it u000 u ita u 013 $a11945 020 $a88-01-14873-9 040 $aSeMil$bita 100 1 $aMaffeis, Gustavo.$0(OLS)http://semarc/name/19990 245 13$aIl piano di Dio nella storia /$cGustavo Maffeis Passionista. 260 $aLeumann (Torino) :$bElle Di Ci,$ccopyr. 1989. 300 $a334 p. ;$c22 cm. 490 0 $aScuola superiore di teologia della croce 500 $aContiene : Appendice. 650 4$aTeologia.$0(OLS)http://semarc/subject/27 830 0$aScuola superiore di teologia della croce.$0(OLS)http://semarc/title/29881 850 $aSeMil 852 $aSeMil$W1$xVenegono$y1$m2D II 165$j6930$B6930$CSeMilBibl$Z2$F6930 $81 961 $aOmaggio: Zago don Maurizio 996 $6020$a88-01-14873-9$9(OLS)http://semarc/number/11179 996 $6245$aIl piano di Dio nella storia$9(OLS)http://semarc/title/58732 996 $6260$aLeumann (Torino) :$bElle Di Ci$9(OLS)http://semarc/publisher/29809 LEADER 01096nam a2200253 i 4500 001 000000042231 003 CaOOAMICUS 005 20240930081959.0 008 080421s1927 it u000 u ita u 013 $a13401 040 $aSeMil$bita 100 1 $aGor'kij, Maksim,$d<1868-1936>.$0(OLS)http://semarc/name/20858 245 13$aLa storia degli infimi :$bi decaduti /$cMassimo Gorki ; traduzione di F. Mantella-Profumi. 260 $aNapoli :$bBideri,$c1927. 300 $a135 p. ;$c20 cm. 490 0 $aCollezione dei grandi autori antichi e moderni. Serie 10 ;$v99 500 $aRilegato con: 1W I 129/1,3-4 700 1 $aMantella-Profumi, F.$0(OLS)http://semarc/name/20862 830 0$aCollezione dei grandi autori antichi e moderni. Serie 10. ;$v99.$0(OLS)http://semarc/title/450452 850 $aSeMil 852 $aSeMil$W1$xVenegono$y1$m1W I 129/2$j235100$B8386$CSeMilBibl$Z2$F8386 $8I 996 $6245$aLa storia degli infimi :$bi decaduti$9(OLS)http://semarc/title/61519 996 $6260$aNapoli :$bBideri$9(OLS)http://semarc/publisher/35115